000 00379nam a2200169Ia 4500
008 210210b1913 xxu||||| |||| 00| 0 eng d
041 _aeng
082 _a444/314
100 _aDe VIGNY
245 _aGlimpses of Napolean
260 _aLondon
_bBlackie & Son Ltd.
_c1913
650 _aof
650 _aNapolean
650 _aGlimpses
690 _aFrench
906 _a006509
999 _c129498
_d129498